000 00322nam a2200133 i 4500
001 bg
100 1 _aKAZIMIERCZUK, Zdzisław
245 0 _aWszechwiedzące izotopy /
_cZdzisław Kazimierczuk.
260 _aWarszawa,
_c1977.
040 _cBPK
041 _apol
942 _cKS
008 s pl f |000 0 pol
999 _c27000
_d27000
856 _uhttp://koha.tu.koszalin.pl/cgi-bin/koha/opac-detail.pl?biblionumber=27000
_yKatalog online BPK